Communes au nom commun - Mort Subite (Spéciale Prénoms #2) - Statistiques

Statistiques générales
  • Ce quiz a été pris 24 fois
  • Le résultat moyen est 5 sur 20
Answers on the Grid
Answers color-coded by a green-red scale on the quiz's grid according to % correct below.
Noé
Luc
Maylis
Samson
Vernon
Yves
Dieudonné
Humbert
Julienne
Laurie
Germaine
Alan
Conan
Hans
Lilly
Alix
Paule
René
Rémy
Virginy
Yolande
Balthazar
Célestin
Marilyne
Raoul
Hortense
Patrick
Ursule
Véronique
Sidonie
 
Statistiques - réponses
Réponse % Correct
Ardèche (07) / Eure (27) / Vienne (86) Vernon
53%
Pas-de-Calais (62) Rémy
42%
Lozère (48) / Hautes-Pyrénées (65) Luc
37%
Marne (51) Hans
32%
Haute-Garonne (31) / Yonne (89) Noé
32%
Doubs (25) Samson
32%
Charente-Maritime (17) Yves
32%
Côtes-d'Armor (22) Paule
26%
Haute-Garonne (31) Alan
21%
Oise (60) Dieudonné
21%
Pas-de-Calais (62) Humbert
21%
Charente (16) Julienne
21%
Sarthe (72) René
21%
Rhône (69) Alix
16%
Cantal (15) Laurie
16%
Eure (27) Lilly
16%
Marne (51) Virginy
16%
Aisne (02) / Marne (51) Germaine
11%
Loir-et-Cher (41) Conan
5%
Landes (40) Maylis
0%
Aucun quiz correspondant
Distribution des résultats
% des personnes avec chaque résultat
Percentile par nombre de réponses
Votre historique - résultats
Vous n’avez pas pris ce quiz